Distribution de Brooklyn Nine Nine en images - Statistiques

Statistiques générales
  • Ce quiz a été pris 11 fois
  • Le résultat moyen est 6 sur 12
Statistiques - réponses
Par images Hint Réponse % Correct
Sophia Perez Eva Longoria
89%
Terry Jeffords Terry Crews
89%
Jake Peralta Andy Samberg
78%
Gina Linetti Chelsea Peretti
67%
Rosa Diaz Stephanie Beatriz
67%
Raymond Holt Andre Braugher
56%
Charles Boyle Joe Lo Truglio
56%
Amy Santiago Melissa Fumero
56%
Sergent Knox Sean Astin
11%
Doug Judy Craig Robinson
0%
Michael Hitchcock Dirk Blocker
0%
Norm Scully Joel McKinnon Miller
0%
Aucun quiz correspondant
Distribution des résultats
% des personnes avec chaque résultat
Percentile par nombre de réponses
Votre historique - résultats
Vous n’avez pas pris ce quiz